000 00282nam a2200121Ia 4500
008 190216s9999||||xx |||||||||||||| ||und||
100 _aTerence Rattigan
245 4 _aThe Winslow Boy
260 _bOxford University Press
_c1976
300 _a144
650 _aEnglish
942 _cBK
999 _c13133
_d13133